Fictional Cast of "Austinpussy" - Statistics

General Stats
  • This quiz has been taken 17 times
    16 since last reset
  • The average score is 3 of 5
Answer Stats
Hint Answer % Correct
_________ is Dixie Normous Gwyneth Paltrow
80%
_________ is Austin Powers Tom Cruise
80%
_________ is Mini Me Danny DeVito
60%
_________ is Goldmember John Travolta
60%
_________ is Dr. Evil Kevin Spacey
40%
No matching quizzes found
Score Distribution
Percent of People with Each Score
Percentile by Number Answered
Your Score History
You have not taken this quiz since the last reset